| 000 | 00598cam a22001692 b4500 | ||
|---|---|---|---|
| 020 | _a0821340336 (Trade Paper) | ||
| 020 | _a9780821340332 | ||
| 082 | 0 | 0 |
_a363.738/7/095 _bCLE _cD |
| 100 | 1 |
_aWalsh, Michael _938145 |
|
| 245 | 1 | 0 |
_aClean Fuels for Asia _bTechnical Options for Moving Toward Unleaded Gasoline and Low-Sulfur Diesel |
| 260 |
_aWashington : _bWorld Bank Publications _cSept. 1997 |
||
| 520 | 8 | _aAnnotation | |
| 526 |
_a0 _b0 _c0 _d363_738709500000000_CLE |
||
| 700 | 1 |
_aShah, Jitendra J. _938146 |
|
| 856 | 4 | 0 | _uhttp://www.columbia.edu/cgi-bin/cul/resolve?clio7973443 |
| 942 |
_2ddc _cBK |
||
| 999 |
_c542800 _d542800 |
||